LEADER 00891cam0 22002533 450 001 SOB0000007 005 20220530081252.0 010 $a8838795312 100 $a20001218d1989 |||||ita|0103 ba 101 $aita 102 $aIT 200 1 $aCivilis sapientia$edottrine giuridiche e dottrine politiche fra Medioevo ed Età Moderna$esaggi per la storia del pensiero giuridico moderno$fDiego Quaglioni 210 $aRimini$cMaggioli Editore$d1989 215 $a249 p.$d24 cm 700 1$aQuaglioni$b, Diego$3AF00008020$4070$0183637 801 0$aIT$bUNISOB$c20220530$gRICA 850 $aUNISOB 852 $aUNISOB$j340$m83264 912 $aSOB0000007 940 $aM 102 Monografia moderna SBN 941 $aM 957 $a340$b000725$gSI$d83264$rACQUISTO$p36.000$1rovito$2UNISOB$3UNISOB$420220530081239.0$520220530081252.0$6rovito 996 $a"Civilis Sapientia"$9644991 997 $aUNISOB